LEADER 01031nam0-22003131i-450- 001 990008103340403321 005 20050503100614.0 010 $a88-706-2668-7 035 $a000810334 035 $aFED01000810334 035 $a(Aleph)000810334FED01 035 $a000810334 100 $a20050503d1991----km-y0itay50------ba 101 0 $aita 102 $aIT 105 $ay---n----00yy 200 1 $aArgiletum$ecommercio speculazione edilizia e lotta politica dall'analisi topografica di un quartiere di Roma di eta repubblicana$fEdoardo Tortorici 210 $aRoma$cL'Erma di Bretschneider$d1991 215 $a126 p., 2 c. di tav. ripieg.$cill$d29 cm 225 1 $aBullettino della Commissione archeologica comunale di Roma$iSupplementi$v1 676 $a937.02$v20$zita 700 1$aTortorici,$bEdoardo$4070$0290242 801 0$aIT$bUNINA$gRICA$2UNIMARC 901 $aBK 912 $a990008103340403321 952 $aDDR-XIX F 657.5$b2155 ddr$fDDR$m21-6296 959 $aDDR 996 $aArgiletum$9753951 997 $aUNINA LEADER 00811cam0-2200265 --450 001 9910306858503321 005 20190205142718.0 020 $aIT$b1945 4395 100 $a20190205d1945----km y0itay50 ba 101 0 $aita 102 $aIT 105 $aa 001yy 200 1 $aCostruzione delle fognature$econ 170 figure, 22 tabelle e regolamento pel servizio della fognatura nel comune di Milano$fClaudio Mistrangelo 210 $aMilano$cU. Hoepli$d1945 215 $aVIII, 252 p.$cill.$d25 cm 610 0 $aFognature$aProgettazione 676 $a628.2$v21 700 1$aMistrangelo,$bClaudio$01418 801 0$aIT$bUNINA$gREICAT$2UNIMARC 901 $aBK 912 $a9910306858503321 952 $aA 1/12$b6$fDINTR 959 $aDINTR 996 $aCostruzione delle fognature$91142572 997 $aUNINA